00972nam a2200241Ia 4500001000600000003000900006008004100015040001300056040001300069041001300082100002300095100002900118245008300147245005900230250001100289260001100300260001800311260004900329300005900378500021900437650004300656650003100699D1433IT-RoPAU130308s9999 xx 000 0 und d aIT-RoPAU cIT-RoPAU aITALIANO aTorti Maria Teresa gCodice Aut. SPICS: 43790 a"Identità e passione. La bussola interiore e la tempesta del ""magnetismo""" bCulture del Conflitto. Giovani metropoli Comunicazione a1a ed. aGENOVA bCosta & Nolan c1995 [1° Ed.:1995 - Ed.Ling.Originale:1995] a"12 p. (prefazione: no ; testo: 12 [pagine: 117-128])" aPrendiamoci la Vita. Ibrido Produzione/Consumo e L'Immaginario Attivo Manipolatorio. Palco Deve Essere Il Mondo. Identità di Navigazione. Giochi di Necessità e Giochi di Secessione. Altre Derive e Nuovi Incubi. aSOCIOLOGIA DELLA COMUNICAZIONE SOCIALE eCodice materia Spics: 3806